| 000 | 00531nam a2200181Ia 4500 | ||
|---|---|---|---|
| 008 | 090630s9999 xx 000 0 und d | ||
| 082 | _b28475 | ||
| 100 | _aकणेकर शिरिष. | ||
| 245 |
_aमेतकूट. _cकणेकर शिरिष. |
||
| 260 | _bदिलीप. | ||
| 300 | _a260 | ||
| 600 | _aकणेकर शिरिष. | ||
| 630 | _aमेतकूट. | ||
| 655 | _aलघुकथा. | ||
| 700 | _aकणेकर शिरिष. | ||
| 730 | _aमेतकूट. | ||
| 942 | _cBOOK | ||
| 999 |
_c280331 _d280331 |
||